000 00367nam a2200145Ia 4500
005 20260325234754.0
008 260325s9999||||xx |||||||||||||| ||und||
082 _a720.72
100 _ade Mesa, José
245 0 _a100 de Años de Arquitectura Paceña /
_cJosé de Mesa
260 _bEducacional
300 _a356 p.
650 _aARQUITECTURA REGIONAL
942 _cBK
999 _c6269
_d6269